Minecraft Sculk Types - Statistics

General Stats
  • This quiz has been taken 20 times
  • The average score is 4 of 5
Answer Stats
Answer % Correct
Sculk
100%
Sculk Sensor
82%
Sculk Catalyst
65%
Sculk Shrieker
65%
Sculk Vein
65%
No matching quizzes found
Score Distribution
Percent of People with Each Score
Percentile by Number Answered
Your Score History
You have not taken this quiz